[Event "BRA-ch Amateurs U2000"]
[Site "Sao Paulo"]
[Date "2024.05.30"]
[Round "1"]
[White "Alves, Ricardo Castagnari"]
[Black "Silvestre, Gilmar Severino"]
[Result "1-0"]
[WhiteElo "1701"]
[BlackElo "1822"]
[PlyCount "167"]
[EventDate "2024.05.30"]
[EventType "swiss"]
[EventRounds "7"]
[EventCountry "BRA"]
[SourceTitle "CBM 220 Extra"]
[Source "ChessBase"]
[SourceDate "2024.07.31"]
[SourceVersion "1"]
[SourceVersionDate "2024.07.31"]
[SourceQuality "1"]

1. e4 c5 2. Nf3 d6 3. d4 cxd4 4. Nxd4 Nf6 5. Nc3 a6 6. f3 h5 7. Be3 e5 8. Nb3 Be6 9. Qd2 Nbd7 10. Be2 Qc7 11. 0-0 Nb6 12. Rfd1 Nc4 13. Bxc4 Qxc4 14. Na5 Qc7 15. Na4 Nd7 16. Nb3 Rc8 17. Rac1 b5 18. Nc3 Nb6 19. Bxb6 Qxb6+ 20. Qf2 Qc6 21. Nd5 Bxd5 22. Rxd5 Be7 23. f4 Bf6 24. fxe5 dxe5 25. c3 0-0 26. Rcd1 Rcd8 27. Qc5 Qe6 28. Qf2 Qg4 29. Qf3 Qg6 30. Nc5 Be7 31. Nd7 Rfe8 32. Nxe5 Qb6+ 33. Kf1 Bf6 34. Nd7 Rxd7 35. Rxd7 Qe6 36. R1d5 Qxe4 37. Qxe4 Rxe4 38. Rxh5 b4 39. Rb7 g6 40. Rb8+ Kg7 41. Rh3 bxc3 42. bxc3 Ra4 43. Rb2 Rc4 44. Rc2 Be5 45. Ke2 Kf6 46. Kd3 Ra4 47. Rf3+ Ke6 48. h3 f6 49. g4 g5 50. Rf1 Kd6 51. Rcf2 Ke6 52. Rb1 Ra3 53. Rb3 Ra5 54. c4 Rc5 55. Rb6+ Ke7 56. Rxa6 Rc7 57. Rd2 Rd7+ 58. Kc2 Rb7 59. Kd1 Rb1+ 60. Ke2 Rc1 61. Ra4 Rc3 62. Rd3 Rc2+ 63. Kd1 Rb2 64. Rb3 Rh2 65. c5 Kd7 66. Ra6 Kc7 67. a4 Ra2 68. c6 Rf2 69. Rb7+ Kd6 70. Rh7 Rf1+ 71. Ke2 Rc1 72. c7+ Kd5 73. a5 Rc3 74. Rb6 Bxc7 75. Rxf6 Bf4 76. Rf5+ Ke6 77. Rh6+ Ke7 78. Rb5 Kd7 79. Rb7+ Kc8 80. a6 Re3+ 81. Kf2 Re8 82. Rc6+ Kd8 83. a7 Be3+ 84. Kg2 1-0

[Event "Araraquara op 2nd"]
[Site "Araraquara"]
[Date "2024.02.12"]
[Round "6"]
[White "Ikejiri, Daniel Yoshito"]
[Black "Silvestre, Gilmar Severino"]
[Result "1-0"]
[WhiteElo "1916"]
[BlackElo "1713"]
[PlyCount "87"]
[EventDate "2024.02.10"]
[EventType "swiss"]
[EventRounds "7"]
[EventCountry "BRA"]
[SourceTitle "CBM 218 Extra"]
[Source "ChessBase"]
[SourceDate "2024.03.31"]
[SourceVersion "1"]
[SourceVersionDate "2024.03.31"]
[SourceQuality "1"]

1. e4 c5 2. Nf3 d6 3. d4 cxd4 4. Nxd4 Nf6 5. Nc3 a6 6. f3 e5 7. Nb3 Be6 8. Be3 Be7 9. Qd2 Nbd7 10. 0-0-0 0-0 11. g4 Nc5 12. Kb1 b5 13. g5 Nh5 14. Ne2 g6 15. Ng3 Ng7 16. h4 Qc7 17. h5 Rfd8 18. hxg6 fxg6 19. Qh2 Kf7 20. Qxh7 Rh8 21. Qxh8 Rxh8 22. Rxh8 Bxb3 23. axb3 Nce6 24. Ra8 Nd4 25. Bd3 Qb7 26. Rh8 Nde6 27. Rf1 Nf4 28. Bxf4 exf4 29. Ne2 Nh5 30. Rh7+ Ng7 31. Rg1 Kf8 32. Rh6 Kf7 33. Nxf4 Qb6 34. Ne2 Ne6 35. Rh7+ Ke8 36. e5 Nf8 37. Rg7 dxe5 38. Rh1 Qf2 39. Nc3 b4 40. Ne4 Qxf3 41. Rf1 Qe3 42. Rff7 Qg1+ 43. Ka2 Qa7 44. Nf6+ 1-0

[Event "Araraquara op 2nd"]
[Site "Araraquara"]
[Date "2024.02.10"]
[Round "1"]
[White "Silvestre, Gilmar Severino"]
[Black "Magnani, Olivia"]
[Result "1-0"]
[WhiteElo "1713"]
[BlackElo "1800"]
[PlyCount "54"]
[EventDate "2024.02.10"]
[EventType "swiss"]
[EventRounds "7"]
[EventCountry "BRA"]
[SourceTitle "CBM 218 Extra"]
[Source "ChessBase"]
[SourceDate "2024.03.31"]
[SourceVersion "1"]
[SourceVersionDate "2024.03.31"]
[SourceQuality "1"]

1. d4 g6 2. c4 Nf6 3. Nc3 Bg7 4. e4 d6 5. h3 0-0 6. Be3 h6 7. Bd3 e5 8. d5 c6 9. Nge2 b5 10. cxb5 cxb5 11. Nxb5 Ba6 12. Nbc3 Bxd3 13. Qxd3 Qa5 14. 0-0 Nbd7 15. Rfc1 Nc5 16. Bxc5 Qxc5 17. Nb5 Qb6 18. Rc6 Qb7 19. Nec3 a6 20. Nxd6 Qxb2 21. Rb1 Qa3 22. Nc4 Qe7 23. d6 Qe6 24. Rb7 Rfc8 25. Re7 Qxe7 26. Rxc8+ Qd8 27. Rxd8+ Rxd8 1-0

[Event "Florianopolis op 9th"]
[Site "Florianopolis"]
[Date "2023.01.26"]
[Round "5"]
[White "Silva, Juliana Figueira Th"]
[Black "Silvestre, Gilmar Severino"]
[Result "1-0"]
[WhiteElo "1393"]
[BlackElo "1749"]
[PlyCount "89"]
[EventDate "2023.01.23"]
[EventType "swiss"]
[EventRounds "10"]
[EventCountry "BRA"]
[SourceTitle "CBM 212 Extra"]
[Source "ChessBase"]
[SourceDate "2023.03.31"]
[SourceVersion "1"]
[SourceVersionDate "2023.03.31"]
[SourceQuality "1"]

1. Nf3 Nf6 2. g3 b6 3. Bg2 Bb7 4. d3 e6 5. 0-0 Be7 6. Nbd2 d6 7. e4 Nbd7 8. Ne1 c5 9. e5 Bxg2 10. exf6 Bxf1 11. fxe7 Qxe7 12. Nxf1 0-0 13. Ne3 d5 14. Bd2 f5 15. f4 Rae8 16. Nf3 Qd6 17. d4 cxd4 18. Nxd4 Qc5 19. Nb3 Qd6 20. a3 a5 21. Bc3 Nf6 22. Qd4 Rf7 23. Nc4 Qc7 24. Nxb6 Ne4 25. Na4 Rc8 26. Rc1 Nxc3 27. Nxc3 Qb7 28. Re1 Rc4 29. Qf2 Qa6 30. Nd4 Qb6 31. Ndb5 d4 32. b3 Rc5 33. Qxd4 Rxb5 34. Nxb5 Qxb5 35. Rxe6 Rd7 36. Rd6 Rc7 37. Rb6 Qe8 38. Qd5+ Kh8 39. Re6 Qb8 40. Qe5 Qa7+ 41. Kf1 h6 42. Re8+ Kh7 43. Qxf5+ g6 44. Qf8 Qa6+ 45. Ke1 1-0

[Event "Florianopolis op 9th"]
[Site "Florianopolis"]
[Date "2023.01.26"]
[Round "6"]
[White "Silvestre, Gilmar Severino"]
[Black "Pavao, Alice Lara Biasi"]
[Result "1/2-1/2"]
[WhiteElo "1749"]
[BlackElo "1401"]
[PlyCount "114"]
[EventDate "2023.01.23"]
[EventType "swiss"]
[EventRounds "10"]
[EventCountry "BRA"]
[SourceTitle "CBM 212 Extra"]
[Source "ChessBase"]
[SourceDate "2023.03.31"]
[SourceVersion "1"]
[SourceVersionDate "2023.03.31"]
[SourceQuality "1"]

1. d4 d5 2. Nf3 e6 3. e3 Be7 4. Bd3 Nf6 5. 0-0 0-0 6. Nbd2 b6 7. Qe2 Bb7 8. c3 Nbd7 9. Re1 c5 10. b3 Ne4 11. Bb2 a6 12. c4 Nxd2 13. Nxd2 dxc4 14. bxc4 Qc7 15. Be4 Bxe4 16. Nxe4 Nf6 17. Ng3 Rac8 18. Rec1 Rfd8 19. Qf3 Qc6 20. Qxc6 Rxc6 21. a4 cxd4 22. Bxd4 Rdc8 23. Rcb1 h6 24. Rxb6 Rxb6 25. Bxb6 Rxc4 26. h3 Nd5 27. a5 Rb4 28. Bd4 Rb5 29. Ne4 Bb4 30. Rc1 Rxa5 31. g4 Be7 32. Rc8+ Kh7 33. Nc3 Bf6 34. Bxf6 Nxf6 35. e4 Ra1+ 36. Kg2 Rc1 37. Kf3 a5 38. Rc5 Nd7 39. Rc7 a4 40. Rxd7 Rxc3+ 41. Ke2 Kg6 42. h4 a3 43. Ra7 Rc2+ 44. Kf3 a2 45. Ra4 Kf6 46. e5+ Kg6 47. Ke3 h5 48. f3 Rh2 49. Kf4 Rxh4 50. Rxa2 hxg4 51. fxg4 f5 52. exf6 gxf6 53. Kg3 Rh1 54. Rf2 Ra1 55. Re2 e5 56. Rf2 Ra3+ 57. Kg2 Kg5 1/2-1/2

[Event "Florianopolis op 9th"]
[Site "Florianopolis"]
[Date "2023.01.24"]
[Round "2"]
[White "Silvestre, Gilmar Severino"]
[Black "Mazetto, Sergio Luiz"]
[Result "0-1"]
[WhiteElo "1749"]
[BlackElo "2065"]
[PlyCount "152"]
[EventDate "2023.01.23"]
[EventType "swiss"]
[EventRounds "10"]
[EventCountry "BRA"]
[SourceTitle "CBM 212 Extra"]
[Source "ChessBase"]
[SourceDate "2023.03.31"]
[SourceVersion "1"]
[SourceVersionDate "2023.03.31"]
[SourceQuality "1"]

1. d4 d5 2. c4 Bf5 3. Nc3 e6 4. Nf3 Nf6 5. Bg5 c6 6. e3 Nbd7 7. Bd3 dxc4 8. Bxc4 Qa5 9. 0-0 Bd6 10. Qe2 Ne4 11. Nxe4 Bxe4 12. Bh4 Qh5 13. Bg3 Bxf3 14. Qxf3 Qxf3 15. gxf3 Ke7 16. e4 Rhd8 17. Rfd1 Bxg3 18. fxg3 Nb6 19. Bb3 a5 20. a4 Rd7 21. Kf2 Rad8 22. Ke3 c5 23. dxc5 Nc4+ 24. Ke2 Rd2+ 25. Ke1 Ne5 26. Rxd2 Nxf3+ 27. Ke2 Rxd2+ 28. Kxf3 Rd3+ 29. Kf4 Rxb3 30. Rc1 Rxb2 31. c6 bxc6 32. Rxc6 Rb4 33. Rc7+ Kf6 34. h4 h5 35. Rc5 Rxa4 36. Rxh5 Ra1 37. Rb5 g6 38. e5+ Kg7 39. g4 a4 40. Kg5 Re1 41. Kf4 a3 42. Ra5 Ra1 43. Kf3 Kf8 44. Ra7 Kg7 45. Kg2 a2 46. Ra8 Re1 47. Rxa2 Rxe5 48. Kf3 Rb5 49. Ra4 f5 50. gxf5 gxf5 51. Kf4 Kf6 52. Ra8 Rb4+ 53. Kg3 Rb3+ 54. Kg2 f4 55. Rf8+ Ke5 56. h5 Rg3+ 57. Kh2 Rg5 58. Rh8 Ke4 59. h6 Kf3 60. h7 Rh5+ 61. Kg1 e5 62. Re8 Rxh7 63. Rxe5 Ra7 64. Rb5 Ra2 65. Rh5 Ra1+ 66. Kh2 Ke2 67. Re5+ Kf2 68. Rb5 Ra2 69. Rb1 f3 70. Kh1 Ke2 71. Kg1 Rd2 72. Rf1 Rd8 73. Rf2+ Ke3 74. Ra2 Rd1+ 75. Kh2 f2 76. Ra3+ Kd4 0-1

[Event "BRA Amateur-ch U1800"]
[Site "Sao Paulo"]
[Date "2022.11.05"]
[Round "5"]
[White "Silvestre, Gilmar Severino"]
[Black "Jiang, Lucas Zirui"]
[Result "1/2-1/2"]
[WhiteElo "1776"]
[BlackElo "1620"]
[PlyCount "82"]
[EventDate "2022.11.03"]
[EventType "swiss"]
[EventRounds "7"]
[EventCountry "BRA"]
[SourceTitle "CBM 211 Extra"]
[Source "ChessBase"]
[SourceDate "2023.01.31"]
[SourceVersion "1"]
[SourceVersionDate "2023.01.31"]
[SourceQuality "1"]

1. d4 c6 2. c4 d5 3. cxd5 cxd5 4. Nc3 Nf6 5. Nf3 Nc6 6. e3 Bg4 7. Be2 e6 8. h3 Bf5 9. a3 Be7 10. b4 0-0 11. 0-0 Rc8 12. Bb2 Ne4 13. Rc1 a5 14. b5 Nb8 15. Nxe4 Bxe4 16. Rxc8 Qxc8 17. Qd2 Bxf3 18. Bxf3 b6 19. Rc1 Qd7 20. a4 Rc8 21. Rc2 Bd6 22. Qc1 Rxc2 23. Qxc2 f5 24. g4 g6 25. Kg2 Qc7 26. Qxc7 Bxc7 27. gxf5 gxf5 28. Ba3 Nd7 29. Bh5 Nf6 30. Bf3 Kf7 31. Kf1 Kg6 32. Kg2 Ne8 33. Be2 Bd6 34. Bb2 Bb4 35. Kg3 Nf6 36. f3 Kg5 37. f4+ Kg6 38. Kf2 Ne4+ 39. Kf3 Nd2+ 40. Kf2 Ne4+ 41. Kf3 Nd2+ 1/2-1/2

[Event "Florianopolis op 8th"]
[Site "Florianopolis"]
[Date "2022.01.29"]
[Round "9"]
[White "Silvestre, Gilmar Severino"]
[Black "Luz, Christian Oliveira"]
[Result "1-0"]
[WhiteElo "1775"]
[BlackElo "1443"]
[PlyCount "97"]
[EventDate "2022.01.24"]
[EventType "swiss"]
[EventRounds "10"]
[EventCountry "BRA"]
[SourceTitle "EXT 2023"]
[Source "ChessBase"]
[SourceDate "2022.10.05"]
[SourceVersion "1"]
[SourceVersionDate "2022.10.05"]
[SourceQuality "1"]

1. c4 e5 2. Nc3 Nf6 3. Nf3 d6 4. g3 Be7 5. Bg2 c6 6. d3 0-0 7. 0-0 h6 8. Rb1 Be6 9. e4 Qc8 10. b4 Bh3 11. Nh4 Bxg2 12. Kxg2 Bd8 13. Nf5 d5 14. c5 dxe4 15. dxe4 Qc7 16. Qc2 Na6 17. Qe2 Be7 18. a3 Rad8 19. Be3 Rfe8 20. Rfd1 Bf8 21. h3 Rxd1 22. Rxd1 Rd8 23. Qf3 Rxd1 24. Nxd1 Qd7 25. Nb2 Qe6 26. Bc1 Nb8 27. Qd3 Nbd7 28. Nc4 b6 29. cxb6 axb6 30. Be3 c5 31. b5 Ne8 32. a4 Nc7 33. Bd2 Kh7 34. Nfe3 g6 35. f3 Kg7 36. Ng4 h5 37. Ngxe5 Nxe5 38. Nxe5 Qa2 39. Nd7 Qxa4 40. Bc3+ Kg8 41. Nf6+ Kg7 42. Ne8+ Kh7 43. Nxc7 Qa2+ 44. Qd2 Qc4 45. Nd5 Qxb5 46. Nf6+ Kg7 47. Nd7+ Kg8 48. Nxf8 Kxf8 49. Bf6 1-0

[Event "Sao Paulo Hebraica op 28th"]
[Site "Sao Paulo"]
[Date "2022.01.16"]
[Round "5"]
[White "Silvestre, Gilmar Severino"]
[Black "Correa, Joao Pedro Vieira"]
[Result "1-0"]
[WhiteElo "1775"]
[BlackElo "1864"]
[PlyCount "105"]
[EventDate "2022.01.14"]
[EventType "swiss"]
[EventRounds "6"]
[EventCountry "BRA"]
[SourceTitle "CBM 206 Extra"]
[Source "ChessBase"]
[SourceDate "2022.03.31"]
[SourceVersion "1"]
[SourceVersionDate "2022.03.31"]
[SourceQuality "1"]

1. d4 Nf6 2. Nf3 e6 3. Bg5 d5 4. e3 Be7 5. Bd3 0-0 6. Nbd2 b6 7. 0-0 Ba6 8. Bxa6 Nxa6 9. Qe2 Qc8 10. Ne5 c5 11. c3 Qb7 12. Qb5 Nc7 13. Qd3 c4 14. Qc2 Nce8 15. Rfe1 h6 16. Bh4 Nd6 17. Bxf6 Bxf6 18. e4 Bg5 19. Nef3 Bxd2 20. Nxd2 dxe4 21. Nxe4 Nxe4 22. Rxe4 b5 23. h4 a5 24. Rae1 Rfd8 25. Qc1 Rd5 26. Qe3 Rad8 27. Rg4 Kh8 28. Qg3 Rg8 29. Re5 Rxe5 30. Qxe5 Qd5 31. Qe3 Qf5 32. Re4 Rd8 33. g4 Qg6 34. h5 Qg5 35. Qxg5 hxg5 36. Re5 Rd5 37. Kg2 f6 38. Rxe6 Kg8 39. Kf3 Kf7 40. Ra6 b4 41. Ke4 Rb5 42. Ra7+ Kf8 43. d5 bxc3 44. bxc3 Rb2 45. f3 Rxa2 46. Kf5 a4 47. Kg6 a3 48. d6 Ke8 49. Kxg7 Rd2 50. Rxa3 Rxd6 51. Ra7 Rd3 52. h6 Rxf3 53. h7 1-0

[Event "Sao Paulo Hebraica op 27th"]
[Site "Sao Paulo"]
[Date "2020.01.12"]
[Round "5"]
[White "Soares, Lucas Vicente"]
[Black "Silvestre, Gilmar Severino"]
[Result "0-1"]
[WhiteElo "1923"]
[BlackElo "1741"]
[PlyCount "90"]
[EventDate "2020.01.10"]
[EventType "swiss"]
[EventRounds "6"]
[EventCountry "BRA"]
[SourceTitle "CBM 194 Extra"]
[Source "ChessBase"]
[SourceDate "2020.03.31"]
[SourceVersion "1"]
[SourceVersionDate "2020.03.31"]
[SourceQuality "1"]

1. d4 d5 2. c4 e6 3. Nc3 Nf6 4. cxd5 exd5 5. Bg5 Be7 6. Qc2 0-0 7. e3 c6 8. Bd3 h6 9. Bh4 Nbd7 10. Nge2 Re8 11. 0-0 Bd6 12. Bg3 Nf8 13. Rab1 Ne6 14. b4 Qe7 15. b5 Bd7 16. Bxd6 Qxd6 17. Qd2 Ng5 18. bxc6 Bxc6 19. Bb5 Nge4 20. Qd3 a6 21. Bxc6 Qxc6 22. Rfc1 Qd7 23. Nf4 g5 24. Nfe2 Rac8 25. Ng3 b5 26. Ncxe4 Nxe4 27. Qa3 Qe6 28. Nxe4 dxe4 29. h3 f5 30. d5 Rxc1+ 31. Rxc1 Qxd5 32. Qxa6 Re6 33. Qc8+ Kf7 34. Qh8 Rc6 35. Qh7+ Kf8 36. Rxc6 Qxc6 37. Qxf5+ Kg7 38. Qe5+ Kg6 39. Kh2 Qc4 40. Kg3 b4 41. Kg4 Qe2+ 42. Kg3 Qc4 43. Qd4 Qc7+ 44. f4 gxf4+ 45. exf4 Qc3+ 0-1

[Event "Sao Paulo Hebraica op 27th"]
[Site "Sao Paulo"]
[Date "2020.01.11"]
[Round "3"]
[White "Flores, Clarice Soares Leit"]
[Black "Silvestre, Gilmar Severino"]
[Result "0-1"]
[WhiteElo "1546"]
[BlackElo "1741"]
[PlyCount "44"]
[EventDate "2020.01.10"]
[EventType "swiss"]
[EventRounds "6"]
[EventCountry "BRA"]
[SourceTitle "CBM 194 Extra"]
[Source "ChessBase"]
[SourceDate "2020.03.31"]
[SourceVersion "1"]
[SourceVersionDate "2020.03.31"]
[SourceQuality "1"]

1. d4 Nf6 2. Nf3 e6 3. Bf4 d5 4. e3 Nbd7 5. c3 Be7 6. h3 c5 7. Nbd2 b6 8. Bb5 Bb7 9. Ne5 Rc8 10. Qa4 a6 11. Nc6 axb5 12. Nxd8 bxa4 13. Nxb7 Rc6 14. dxc5 bxc5 15. e4 e5 16. Be3 Rb6 17. Na5 Ra6 18. Nb7 Ra7 19. Nxc5 Bxc5 20. exd5 Bxe3 21. fxe3 Nxd5 22. Ke2 a3 0-1

[Event "Pocos de Caldas op"]
[Site "Pocos de Caldas"]
[Date "2019.02.10"]
[Round "5"]
[White "Baeta, Marcio Netto"]
[Black "Silvestre, Gilmar Severino"]
[Result "1/2-1/2"]
[WhiteElo "1952"]
[BlackElo "1718"]
[PlyCount "55"]
[EventDate "2019.02.08"]
[EventType "swiss"]
[EventRounds "6"]
[EventCountry "BRA"]
[SourceTitle "CBM 189 Extra"]
[Source "ChessBase"]
[SourceDate "2019.05.31"]
[SourceVersion "1"]
[SourceVersionDate "2019.05.31"]
[SourceQuality "1"]

1. e4 c5 2. d4 cxd4 3. Nf3 e5 4. c3 Nc6 5. cxd4 Bb4+ 6. Nc3 exd4 7. Nxd4 Qa5 8. Ndb5 Nge7 9. Bd2 a6 10. Na3 Bxa3 11. bxa3 Qxa3 12. Bc4 0-0 13. 0-0 b5 14. Bb3 Nd4 15. Nd5 Nxd5 16. Bxd5 Nc6 17. Bf4 Qc3 18. Bd6 Re8 19. Rc1 Qf6 20. Rxc6 dxc6 21. Bxc6 Be6 22. e5 Qg6 23. Qf3 Rac8 24. Bxe8 Rxe8 25. Qc6 Rc8 26. Qxa6 Bh3 27. Qb7 h6 28. Qf3 1/2-1/2

[Event "Pocos de Caldas op"]
[Site "Pocos de Caldas"]
[Date "2019.02.08"]
[Round "2"]
[White "Silvestre, Gilmar Severino"]
[Black "Miquelin, Nicolas Seoane"]
[Result "0-1"]
[WhiteElo "1718"]
[BlackElo "2046"]
[PlyCount "36"]
[EventDate "2019.02.08"]
[EventType "swiss"]
[EventRounds "6"]
[EventCountry "BRA"]
[SourceTitle "CBM 188 Extra"]
[Source "ChessBase"]
[SourceDate "2019.02.28"]
[SourceVersion "1"]
[SourceVersionDate "2019.02.28"]
[SourceQuality "1"]

1. c4 c5 2. g3 Nc6 3. Bg2 g6 4. Nf3 Bg7 5. 0-0 e5 6. Nc3 Nge7 7. d3 0-0 8. Rb1 d6 9. a3 a5 10. e3 h6 11. b3 Be6 12. Nb5 d5 13. Bb2 d4 14. exd4 cxd4 15. Bc1 Qd7 16. Bf4 Rac8 17. Re1 b6 18. Rb2 g5 0-1

[Event "Sao Paulo Hebraica op 26th"]
[Site "Sao Paulo"]
[Date "2019.01.13"]
[Round "6"]
[White "Rocha, Anderson Rosendo"]
[Black "Silvestre, Gilmar Severino"]
[Result "1-0"]
[WhiteElo "1543"]
[BlackElo "1709"]
[PlyCount "101"]
[EventDate "2019.01.11"]
[EventType "swiss"]
[EventRounds "6"]
[EventCountry "BRA"]
[SourceTitle "EXT 2020"]
[Source "ChessBase"]
[SourceDate "2019.10.17"]
[SourceVersion "1"]
[SourceVersionDate "2019.10.17"]
[SourceQuality "1"]

1. e4 c5 2. d3 Nc6 3. Nf3 e6 4. g3 Nf6 5. Bg2 Be7 6. 0-0 0-0 7. Nbd2 d6 8. Re1 e5 9. c3 b5 10. h3 a5 11. Nf1 Re8 12. g4 Nd7 13. Ng3 Nf8 14. g5 g6 15. h4 Bg4 16. Qb3 Rb8 17. Nh2 Be6 18. Qd1 b4 19. Bd2 bxc3 20. bxc3 Rb2 21. Bc1 Rb6 22. Be3 Bd7 23. Qd2 Ne6 24. Ng4 Kg7 25. Nh6 Qc7 26. h5 Qd8 27. Rab1 Rxb1 28. Rxb1 Bxg5 29. hxg6 hxg6 30. Ng4 Nf4 31. Nh2 Rh8 32. Nf3 Bh6 33. d4 Nxg2 34. Kxg2 Bh3+ 35. Kg1 Bg4 36. Nh2 Bd7 37. dxc5 Bxe3 38. Qxe3 Qf6 39. Rd1 Rd8 40. Rxd6 Qf4 41. Qxf4 exf4 42. Ne2 g5 43. Nd4 Be8 44. Nxc6 Rxd6 45. cxd6 Bxc6 46. Nf3 f6 47. Nd4 Bd7 48. c4 Kf7 49. c5 Ba4 50. c6 Ke8 51. d7+ 1-0

[Event "Sao Paulo Hebraica op 26th"]
[Site "Sao Paulo"]
[Date "2019.01.12"]
[Round "4"]
[White "Luz, Arthur Nader"]
[Black "Silvestre, Gilmar Severino"]
[Result "1-0"]
[WhiteElo "2154"]
[BlackElo "1709"]
[PlyCount "55"]
[EventDate "2019.01.11"]
[EventType "swiss"]
[EventRounds "6"]
[EventCountry "BRA"]
[SourceTitle "EXT 2020"]
[Source "ChessBase"]
[SourceDate "2019.10.17"]
[SourceVersion "1"]
[SourceVersionDate "2019.10.17"]
[SourceQuality "1"]

1. d4 d5 2. c4 c6 3. Nf3 Nf6 4. Nc3 e6 5. cxd5 exd5 6. Bg5 Be7 7. e3 0-0 8. Bd3 Be6 9. Qc2 Nbd7 10. 0-0 Rc8 11. Ne5 h6 12. Bxf6 Bxf6 13. f4 Nxe5 14. dxe5 Be7 15. f5 Bd7 16. Qf2 Bg5 17. f6 Qb6 18. Rae1 Bxe3 19. Rxe3 d4 20. Qg3 g5 21. Na4 Qa5 22. Re4 Kh8 23. Rh4 Qd2 24. Rxh6+ Kg8 25. Rh5 Qe3+ 26. Qxe3 dxe3 27. Rxg5+ Kh8 28. Rf4 1-0

[Event "Sao Paulo Hebraica op 26th"]
[Site "Sao Paulo"]
[Date "2019.01.12"]
[Round "3"]
[White "Silvestre, Gilmar Severino"]
[Black "Haraguchi, Diego Sashaki"]
[Result "1-0"]
[WhiteElo "1709"]
[BlackElo "1420"]
[PlyCount "169"]
[EventDate "2019.01.11"]
[EventType "swiss"]
[EventRounds "6"]
[EventCountry "BRA"]
[SourceTitle "EXT 2020"]
[Source "ChessBase"]
[SourceDate "2019.10.17"]
[SourceVersion "1"]
[SourceVersionDate "2019.10.17"]
[SourceQuality "1"]

1. c4 c5 2. Nc3 g6 3. g3 Bg7 4. Bg2 Nf6 5. e3 Nc6 6. Nge2 0-0 7. 0-0 d6 8. d4 Bf5 9. Nf4 cxd4 10. exd4 Qb6 11. d5 Ne5 12. b3 h6 13. Be3 Qa5 14. Nb5 g5 15. Ne2 a6 16. Nbd4 Bg6 17. Bd2 Qc7 18. Bc3 Ne4 19. Bb2 Nc5 20. Nc1 Ned3 21. Nxd3 Nxd3 22. Bc3 Qb6 23. Ne2 Nb2 24. Qd2 Nd3 25. Rad1 Ne5 26. Bd4 Qd8 27. Qc3 f6 28. f4 Nf7 29. Bh3 h5 30. Be6 g4 31. f5 Bh7 32. Nf4 h4 33. gxh4 Kh8 34. h5 Ne5 35. Bxe5 fxe5 36. Ng6+ Bxg6 37. hxg6 Bh6 38. Qg3 Kg7 39. Qxg4 Rh8 40. Rd3 Qb6+ 41. Kh1 Bf4 42. h4 Rh6 43. Rh3 Qd4 44. Qe2 Rah8 45. h5 Bg5 46. Rg1 Be3 47. Qxe3 Rxh5 48. Qxd4 Rxh3+ 49. Kg2 exd4 50. f6+ Kxf6 51. Bxh3 Kxg6 52. Rd1 Rh4 53. Bc8 Re4 54. Kf3 Re3+ 55. Kf2 Rc3 56. Rd2 d3 57. Ke3 b6 58. Bxa6 Kf5 59. Bc8+ Ke5 60. Be6 Rc1 61. Kxd3 Rh1 62. Rf2 Rd1+ 63. Kc2 Ra1 64. Kc3 Rc1+ 65. Kb4 Kd4 66. Kb5 Rh1 67. Kxb6 Rh8 68. Kc7 Kc5 69. Kd7 Kb6 70. Kxe7 Kc7 71. a4 Rh7+ 72. Rf7 Rh2 73. Ke8+ Kb6 74. Kd7 Kc5 75. Rf8 Rh7+ 76. Rf7 Rh2 77. Kc7 Rh8 78. Kb7 Rh2 79. a5 Rb2 80. Rf3 Ra2 81. a6 Rh2 82. a7 Rh7+ 83. Rf7 Rh8 84. Bc8 Rxc8 85. Kxc8 1-0

[Event "BRA-ch Amateur U2000"]
[Site "Sao Paulo"]
[Date "2018.06.03"]
[Round "7"]
[White "Silvestre, Gilmar Severino"]
[Black "Vieira, Paulo Cesar"]
[Result "1-0"]
[WhiteElo "1710"]
[BlackElo "1827"]
[PlyCount "125"]
[EventDate "2018.05.31"]
[EventType "swiss"]
[EventRounds "7"]
[EventCountry "BRA"]
[SourceTitle "EXT 2021"]
[Source "ChessBase"]
[SourceDate "2020.10.23"]
[SourceVersion "1"]
[SourceVersionDate "2020.10.23"]
[SourceQuality "1"]

1. c4 g6 2. Nf3 Bg7 3. g3 Nf6 4. Bg2 0-0 5. 0-0 d6 6. Nc3 e5 7. d3 Nc6 8. a3 Ne8 9. Rb1 f5 10. Bg5 Nf6 11. Nd5 Be6 12. Nxf6+ Bxf6 13. Bxf6 Qxf6 14. b4 Rad8 15. Nd2 d5 16. cxd5 Bxd5 17. Bxd5+ Rxd5 18. Qb3 Qf7 19. Nf3 Nd4 20. Nxd4 Rxd4 21. Qc3 Rfd8 22. Rbc1 c6 23. Rfe1 Qd5 24. Qc5 Qxc5 25. bxc5 e4 26. dxe4 Rxe4 27. Rb1 Rd7 28. Rb4 Re5 29. Reb1 Ree7 30. e3 Kf7 31. Kf1 Ke8 32. Ke2 Kd8 33. Kf3 Kc8 34. h4 Rd5 35. Rc4 a5 36. Rbc1 Ree5 37. Ke2 h6 38. f4 Re7 39. Ra4 Red7 40. Rxa5 Rd2+ 41. Kf3 Rb2 42. Ra8+ Kc7 43. Rg8 Rdd2 44. Rf1 Rdc2 45. Rg7+ Kc8 46. Rxg6 Rxc5 47. Rf2 Rb3 48. Rxh6 Rxa3 49. Rh8+ Kc7 50. h5 b5 51. h6 Ra1 52. Kg2 Rcc1 53. h7 Rh1 54. Kf3 b4 55. Ke2 c5 56. Kd3 Rh6 57. Rc2 Ra5 58. Kc4 Ra3 59. Rc1 Kb7 60. Rf8 Rxh7 61. Rxf5 Kb6 62. Rxc5 Rc3+ 63. Kxb4 1-0

[Event "Florianopolis op 4th"]
[Site "Florianopolis"]
[Date "2018.01.21"]
[Round "4"]
[White "Cohen, Jaime"]
[Black "Silvestre, Gilmar Severino"]
[Result "1-0"]
[WhiteElo "1951"]
[BlackElo "1687"]
[PlyCount "53"]
[EventDate "2018.01.19"]
[EventType "swiss"]
[EventRounds "10"]
[EventCountry "BRA"]
[SourceTitle "EXT 2019"]
[Source "ChessBase"]
[SourceDate "2018.10.10"]
[SourceVersion "1"]
[SourceVersionDate "2018.10.10"]
[SourceQuality "1"]

1. e4 c5 2. Nf3 e6 3. d3 Nc6 4. Nbd2 Nf6 5. g3 Be7 6. Bg2 d5 7. 0-0 0-0 8. Qe2 Re8 9. c3 b5 10. e5 Nd7 11. Re1 a6 12. Nf1 Qb6 13. h4 Bb7 14. N1h2 d4 15. Bf4 dxc3 16. bxc3 Qa5 17. Rac1 Nb6 18. Ng5 Nd5 19. Qh5 Bxg5 20. hxg5 Nxf4 21. gxf4 Qa4 22. Be4 g6 23. Qh6 Qa3 24. Ng4 f5 25. Nf6+ Kf7 26. Qxh7+ Kf8 27. Nd7# 1-0

[Event "Sao Paulo Hebraica op 25th"]
[Site "Sao Paulo"]
[Date "2018.01.13"]
[Round "3"]
[White "Luz, Arthur Nader"]
[Black "Silvestre, Gilmar Severino"]
[Result "1-0"]
[WhiteElo "2170"]
[BlackElo "1687"]
[PlyCount "78"]
[EventDate "2018.01.12"]
[EventType "swiss"]
[EventRounds "6"]
[EventCountry "BRA"]
[SourceTitle "CBM 182 Extra"]
[Source "ChessBase"]
[SourceDate "2018.02.23"]
[SourceVersion "1"]
[SourceVersionDate "2018.02.23"]
[SourceQuality "1"]

1. d4 Nf6 2. c4 e6 3. Nc3 Bb4 4. e3 0-0 5. Nge2 b6 6. a3 Bxc3+ 7. Nxc3 Bb7 8. Bd3 d5 9. cxd5 exd5 10. 0-0 Nbd7 11. f3 Qe7 12. Bd2 c5 13. Kh1 a6 14. Rc1 c4 15. Bb1 b5 16. Qc2 Rfe8 17. Rce1 Qd6 18. Bc1 Re6 19. Qf2 Rae8 20. Bd2 Nf8 21. Ne2 Qb6 22. Nf4 R6e7 23. Bb4 Rd7 24. Bf5 Ne6 25. Qd2 Bc6 26. g4 g6 27. Bxe6 fxe6 28. g5 Nh5 29. Nxh5 gxh5 30. f4 Ra8 31. Qe2 Rb7 32. f5 Be8 33. Qg2 exf5 34. Qxd5+ Bf7 35. Qxf5 a5 36. Bc5 Qc6+ 37. d5 b4 38. Qf6 Qd7 39. d6 Ra6 1-0